000 00745nam a22002177a 4500
003 UA-OsUOA
001 104816
007 ta
008 20140129b un ||||| |||| 00| 0 ukr d
100 _aНищета В.
090 _a81
_bН71
942 _cSA
040 _aUA-OsUOA
_bukr
_cUA-OsUOA
_dUA-OsUOA
245 _aРиторичні вміння як діяльнісний компонент риторичної компетентності
300 _aС.13-18
955 _a0
041 _aukr
080 _a81
773 0 _w104814
_tУкраїнська мова і література в школі
_dК.
_d2013
_g7
650 7 _a8 Мовознавство. Художня література. Літературознавство
_2UDC
999 _c391104
_d391104